000 00371nam a22001337a 4500
999 _c17278
_d17278
003 ASAB
005 20180104122416.0
008 150803t xxu||||| |||| 00| 0 eng d
020 _a81-7319-715-6
040 _cASAB
082 _a572.80285
100 _aN Gautham
_91008
245 _aBioinformatics
_bDatabases and Algorithms
260 _aNew Delhi, Chennai, Mumbai, Kolkata
_bNarosa Publishing House
_c2006
300 _a248 P.
630 _aBioinformatics
_95406
942 _2ddc
_cBK